<?xml version="1.0" encoding="UTF-8"?>
<record
    xmlns:xsi="http://www.w3.org/2001/XMLSchema-instance"
    xsi:schemaLocation="http://www.loc.gov/MARC21/slim http://www.loc.gov/standards/marcxml/schema/MARC21slim.xsd"
    xmlns="http://www.loc.gov/MARC21/slim">

  <leader>00862nam0a22002531  4500</leader>
  <controlfield tag="001">rc\3904081</controlfield>
  <controlfield tag="005">20250611015035.0</controlfield>
  <datafield tag="021" ind1=" " ind2=" ">
    <subfield code="a">RU</subfield>
    <subfield code="b">[55-10201]</subfield>
  </datafield>
  <datafield tag="035" ind1=" " ind2=" ">
    <subfield code="a">(NLR Aleph) 008015563</subfield>
  </datafield>
  <datafield tag="090" ind1=" " ind2=" ">
    <subfield code="a">8727886</subfield>
    <subfield code="c">8727886</subfield>
  </datafield>
  <datafield tag="100" ind1=" " ind2=" ">
    <subfield code="a">20130415d1955    |||y0rusy50      ca</subfield>
  </datafield>
  <datafield tag="101" ind1="0" ind2=" ">
    <subfield code="a">rus</subfield>
  </datafield>
  <datafield tag="102" ind1=" " ind2=" ">
    <subfield code="a">RU</subfield>
  </datafield>
  <datafield tag="105" ind1=" " ind2=" ">
    <subfield code="a">a   z   |||||</subfield>
  </datafield>
  <datafield tag="200" ind1="1" ind2=" ">
    <subfield code="a">&#x411;&#x438;&#x43E;&#x442;&#x435;&#x440;&#x43C;&#x438;&#x447;&#x435;&#x441;&#x43A;&#x438;&#x439; &#x43D;&#x430;&#x433;&#x440;&#x435;&#x432;&#x430;&#x442;&#x435;&#x43B;&#x44C; &#x432;&#x43E;&#x434;&#x44B;</subfield>
    <subfield code="e">[&#x414;&#x43B;&#x44F; &#x436;&#x438;&#x432;&#x43E;&#x442;&#x43D;&#x43E;&#x432;&#x43E;&#x434;&#x447;&#x435;&#x441;&#x43A;&#x438;&#x445; &#x444;&#x435;&#x440;&#x43C;]</subfield>
    <subfield code="f">&#x423;&#x43F;&#x440;. &#x441;.-&#x445;. &#x43F;&#x440;&#x43E;&#x43F;&#x430;&#x433;&#x430;&#x43D;&#x434;&#x44B; &#x412;&#x435;&#x43B;&#x438;&#x43A;&#x43E;&#x43B;&#x443;&#x43A;. &#x43E;&#x431;&#x43B;&#x441;&#x435;&#x43B;&#x44C;&#x445;&#x43E;&#x437;&#x443;&#x43F;&#x440;.</subfield>
  </datafield>
  <datafield tag="210" ind1=" " ind2=" ">
    <subfield code="a">&#x412;&#x435;&#x43B;&#x438;&#x43A;&#x438;&#x435; &#x41B;&#x443;&#x43A;&#x438;</subfield>
    <subfield code="c">&#x411;. &#x438;.</subfield>
    <subfield code="d">1955</subfield>
  </datafield>
  <datafield tag="215" ind1=" " ind2=" ">
    <subfield code="a">20 &#x441;.</subfield>
    <subfield code="c">&#x447;&#x435;&#x440;&#x442;.</subfield>
    <subfield code="d">20</subfield>
  </datafield>
  <datafield tag="606" ind1=" " ind2=" ">
    <subfield code="a">&#x41D;&#x430;&#x433;&#x440;&#x435;&#x432;&#x430;&#x442;&#x435;&#x43B;&#x438; &#x431;&#x438;&#x43E;&#x442;&#x435;&#x440;&#x43C;&#x438;&#x447;&#x435;&#x441;&#x43A;&#x438;&#x435;</subfield>
    <subfield code="2">psbo</subfield>
  </datafield>
  <datafield tag="700" ind1=" " ind2="1">
    <subfield code="a">&#x411;&#x443;&#x448;&#x438;&#x43D;</subfield>
    <subfield code="b">&#x421;.&#x421;.</subfield>
  </datafield>
  <datafield tag="801" ind1=" " ind2="0">
    <subfield code="a">RU</subfield>
    <subfield code="b">NLR</subfield>
    <subfield code="g">psbo</subfield>
  </datafield>
  <datafield tag="801" ind1=" " ind2="1">
    <subfield code="a">RU</subfield>
    <subfield code="b">ELAR</subfield>
    <subfield code="2">rusmarc</subfield>
  </datafield>
  <datafield tag="852" ind1=" " ind2=" ">
    <subfield code="a">NLR</subfield>
    <subfield code="j">&#x421;20 &#x413;-4/2976</subfield>
  </datafield>
  <datafield tag="942" ind1=" " ind2=" ">
    <subfield code="c">BOOK</subfield>
  </datafield>
  <datafield tag="980" ind1=" " ind2=" ">
    <subfield code="a">NB</subfield>
  </datafield>
  <datafield tag="995" ind1=" " ind2=" ">
    <subfield code="5">2013-10-26</subfield>
    <subfield code="b">NLR02</subfield>
    <subfield code="c">NLR02</subfield>
    <subfield code="e">RFS</subfield>
    <subfield code="f">8015563-10</subfield>
    <subfield code="k">&#x421;20 &#x413;-4/2976</subfield>
    <subfield code="o">0</subfield>
    <subfield code="r">BOOK</subfield>
    <subfield code="s">20_42976</subfield>
  </datafield>
</record>
